00573nam a2200181 a 4500003000500000005001700005008004100022020001500063050002500078082002900103100002800132245005400160260007000214300002400284440003500308650002300343650002500366PILC20150112093438.0100722s19uu xx 00 eng d a0875849083 aHD 30.28b.H379 1999 aMnSF 658.4012 bH26 1999 aHarvard Business School aHarvard business review on managing uncertainty / aBost, Massachusetts :bHarvard Business School Publishing,c1999. a218 pages :c18 cm. aHarvard Business Review Series aStrategic planning aManaging uncertainty